Empleo rural, estado y políticas públicas en Honduras /

Wedi'i Gadw mewn:
Manylion Llyfryddiaeth
Prif Awdur: Aguilar, Reinelda
Awduron Corfforaethol: CSUCA, CIID UNAH
Awduron Eraill: Vigil, Carlos
Fformat: Texto
Cyhoeddwyd: San José: CSUCA. CIID. UNAH
Tagiau: Ychwanegu Tag
Dim Tagiau, Byddwch y cyntaf i dagio'r cofnod hwn!

MARC

LEADER 00000 a a2200000 04500
001 21026
003
040
090 |a 090600  
100 |a Aguilar, Reinelda  
110 |a CSUCA  
245 |a Empleo rural, estado y políticas públicas en Honduras /  |c CSUCA  
260 |a San José:   |b CSUCA. CIID. UNAH  
300 |a 293 p.  
700 |a Vigil, Carlos  
710 |a CIID   |a UNAH  
999 |c 7998  |d 7998